000 01040nam a22002897 4500
999 _c1012
_d1012
003 AR-BaISA
005 20220628121807.0
007 ta
008 220628s1991 ck ado|| |||| 001 0 spa d
040 _bspa
_cAR-BaISA
082 0 4 _222
_a616.8 Ur3
100 1 _92381
_aUribe Uribe, Carlos Santiago
245 1 0 _aFundamentos de medicina:
_bneurología /
_ceditores Hernan Velez A... [et al.]; autores Carlos Santiago Uribe Uribe... [et al.]
250 _a4ª ed.
260 _aMedellín:
_bCorporación para Investigaciones Biológicas,
_c1991
300 _aXIX, 716 p.:
_bil., fotos, gráfs.
504 _aBibliografía al final de cada capítulo.
504 _aÍndice analítico p.: 709-716.
650 1 0 _91150
_aNeurología
700 1 _92382
_aArana Chacón, Abraham
_eaut.
700 1 _92383
_aLorenzana Pombo, Pablo
_eaut.
700 1 _92384
_aVélez A., Hernán
_eedi.
700 1 _92385
_aRojas M., William
_eedi.
700 1 _92386
_aBorrero, Jaime R.
_eedi.
700 1 _92387
_aRestrepo M., Jorge
_eedi.
942 _2ddc
_cLI
_e22